000
00241nam a22001097a 4500
040
_c
SK
082
_a
171
100
_a
KAMONPORN TONGUHAI
245
_a
Diagnostic procedures for finfish diseasea
260
_a
THAILAND
_b
KAM
_c
1999
942
_c
EK
999
_c
8883
_d
8883